බළන්ගොඩ මහා නාහිමි සබැඳි කතා

Saved in:
Bibliographic Details
Main Author: විජේතිලක,මතුගම මහින්ද
Format: Book
Language:Undetermined
Sinhalese
Published: බත්තරමුල්ල : සදීපා, 2012
Subjects:
Tags: Add Tag
No Tags, Be the first to tag this record!

MARC

LEADER 00000nam a2200000Ia 4500
008 170326s9999||||xx |||||||||||||| ||und||
020 |a 9789556610338 
041 |a sin 
082 |a 294  |b විජේති 
100 |a විජේතිලක,මතුගම මහින්ද 
222 |a Balangoda maha na himi sabadi katha 
245 0 |a බළන්ගොඩ මහා නාහිමි සබැඳි කතා 
260 |b සදීපා,  |a බත්තරමුල්ල :  |c 2012 
300 |a පි.128  |c සෙ.මි 21 
650 |a ආගම 
999 |c 12898  |d 12898